000 00788nam a2200277 i 4500
001 C2-0322747
003 PPAK
005 20180728121545.0
008 130909s2013 my a|||| ||||| | may d
020 _a9789675661754
040 _aPPAK
_beng
_cPPAK
_erda
082 0 4 _a796
_223
090 0 0 _a796
_bMEM
_dK
245 0 0 _aMembangunkan sukan tanah air
264 1 _aCheras :
_bSuregain Media Enterprise ,
_c2013
300 _a44 pages :
_billustrations ;
_c26 cm
336 _2rdacontent
_atext
337 _2rdamedia
_aunmediated
338 _2rdacarrier
_avolume
490 1 _aSiri cabaran dunia sukan
500 _amengandungi latihan
650 1 0 _aSports - Juvenile literature.
700 0 _aAhmad Kamal,
_ecompile
830 0 _aSiri cabaran dunia sukan
942 _ddc
_cB
999 _c122988
_d122988